Statistiques concernant Les plus gros partenaires commerciaux - Algerie

Cliquez ici pour prendre le quiz!

Statistiques générales

  • Ce quiz a été pris 597 fois
  • Le résultat moyen est 19 sur 26

Statistiques - réponses

exportationsimportationspays% Correct
3,42 Md4,77 MdFrance
100%
0,50 MdMaroc
98%
3,88 Md3,57 MdEspagne
96%
0,60 MdTunisie
96%
0,33 Md8,41 MdChine
95%
3,87 Md1,55 MdEtats-Unis
94%
5,21 Md4,65 MdItalie
94%
0,59 MdRussie
92%
3,02 MdAllemagne
85%
0,29 MdÉgypte
85%
0,85 Md0,61 MdPortugal
81%
1,06 Md0,76 MdRoyaume-Uni
81%
1,30 Md0,52 MdCanada
80%
0,48 MdJapon
80%
1,62 Md1,21 MdBrésil
79%
1,34 Md1,94 MdTurquie
79%
0,65 MdArabie Saoudite
75%
0,48 Md0,94 MdInde
71%
0,99 Md0,61 MdBelgique
69%
0,23 Md1,09 MdCorée du Sud
62%
1,47 Md0,75 MdPays-Bas
58%
1,33 MdArgentine
57%
0,33 MdIndonésie
42%
0,22 MdCuba
29%
0,51 MdSingapour
25%
0,57 MdRoumanie
21%

Distribution des résultats

Percentile par nombre de réponses

% des personnes avec chaque résultat

Votre développement - résultats

Vous n’avez pas pris ce quiz